000 00953ntm a2200253 a 4500
001 75746
003 BD-RjUL
005 20211209082733.0
008 190626s2015 bg a|||| bm|| 00| 0 eng d
035 _a(BD-RjUL)75965
040 _aBD-RjUL
_beng
_cBD-RjUL
_dBD-RjUL
041 _aeng
082 _223
_a635.2526
_bHYS 2015
100 1 _aHye, Md. Abdul
_9232057
245 1 0 _aStudies on the quality bulb production of onion through Management Practices /
_cby Md. Abdul Hye ;
_6Supervisor: Md. Kawser Ali
260 _aRajshahi :
_bDepartment of Crop Science and Tecnology, University of Rajshahi,
_c2015
300 _a[4], xiii, 200 leaves :
_bIll. ;
_c29 cm.
502 _aThesis (Ph. D.) -- Department of Crop Science and Tecnology, University of Rajshahi, 2015
504 _aReferences: Leaves 171-195
504 _aReports: leaf 218
650 _aOnion
_xResearch
_9232058
700 _aAli, Md. Kawser, Supervisor
_9232059
942 _2ddc
_cTHE
999 _c75746
_d75746